Enseñanza-aprendizaje de los conceptos de diferenciación e integración con énfasis en el teorema fundamental del cálculo en sexto grado del nivel secundario del Instituto Politécnico Prof. Rafael Pérez del distrito educativo 08-04, Santiago República Dominicana, año lectivo 2019-2020 / (Record no. 13421)
[ view plain ]
| 000 -CABECERA | |
|---|---|
| campo de control de longitud fija | 02061nmm a22003374i 4500 |
| 003 - IDENTIFICADOR DEL NÚMERO DE CONTROL | |
| campo de control | DO-SdISF |
| 005 - FECHA Y HORA DE LA ÚLTIMA TRANSACCIÓN | |
| campo de control | 20250403143754.0 |
| 007 - CAMPO FIJO DE DESCRIPCIÓN FÍSICA--INFORMACIÓN GENERAL | |
| campo de control de longitud fija | ta |
| 008 - DATOS DE LONGITUD FIJA--INFORMACIÓN GENERAL | |
| campo de control de longitud fija | 240215s2021 dr ||||fo||d| 00| 0 spa d |
| 040 ## - FUENTE DE LA CATALOGACIÓN | |
| Centro catalogador/agencia de origen | CGIP0042 |
| Lengua de catalogación | spa |
| Normas de descripción | rda |
| Centro/agencia transcriptor | CGIP0042 |
| 100 1# - ENTRADA PRINCIPAL--NOMBRE DE PERSONA | |
| Nombre de persona | Moya González, Darconelys del Carmen |
| Término indicativo de función/relación | autor |
| 9 (RLIN) | 31314 |
| 245 10 - MENCIÓN DE TÍTULO | |
| Título | Enseñanza-aprendizaje de los conceptos de diferenciación e integración con énfasis en el teorema fundamental del cálculo en sexto grado del nivel secundario del Instituto Politécnico Prof. Rafael Pérez del distrito educativo 08-04, Santiago República Dominicana, año lectivo 2019-2020 / |
| Mención de responsabilidad, etc. | sustentada: Darconelys del Carmen Moya González ; asesor: Wilmer Lucidio Arzolay Abreu |
| 264 #1 - PRODUCCIÓN, PUBLICACIÓN, DISTRIBUCIÓN, FABRICACIÓN Y COPYRIGHT | |
| Producción, publicación, distribución, fabricación y copyright | Santiago de los Caballeros : |
| Nombre del de productor, editor, distribuidor, fabricante | ISFODOSU, |
| Fecha de producción, publicación, distribución, fabricación o copyright | 2021 |
| 300 ## - DESCRIPCIÓN FÍSICA | |
| Extensión | 1 recurso en línea (185 hojas) : |
| Otras características físicas | ilustraciones |
| 336 ## - TIPO DE CONTENIDO | |
| Fuente | rdacontent |
| Término de tipo de contenido | texto |
| Código de tipo de contenido | txt |
| 337 ## - TIPO DE MEDIO | |
| Fuente | rdamedia |
| Nombre/término del tipo de medio | computadora |
| Código del tipo de medio | c |
| 338 ## - TIPO DE SOPORTE | |
| Fuente | rdacarrier |
| Nombre/término del tipo de soporte | recurso en línea |
| Código del tipo de soporte | cr |
| 347 ## - CARACTERÍSTICAS DEL ARCHIVO DIGITAL | |
| Fuente | rda |
| Tipo de archivo | archivo de texto |
| Formato de codificación | |
| 502 ## - NOTA DE TESIS | |
| Nota de tesis | Tesis para optar por el título de Maestría en (Matemática orientada a la Educación Secundaria) - Instituto Superior de Formación Docente Salomé Ureña - ISFODOSU, Recinto EPH, 2021.<br/><br/> |
| 504 ## - NOTA DE BIBLIOGRAFÍA, ETC. | |
| Nota de bibliografía, etc. | Bibliografía en hoja 109 |
| 505 ## - NOTA DE CONTENIDO CON FORMATO | |
| Nota de contenido con formato | Introducción al problema de investigación 1 - Revisión de la literatura 15 - Marco metodológico 42 - Presentación de resultados 55 - Interpretación de los resultados 121 - Referencias bibliográficas 127 - Anexos 133 |
| 610 #7 - PUNTO DE ACCESO ADICIONAL DE MATERIA--NOMBRE DE ENTIDAD CORPORATIVA | |
| Nombre de entidad corporativa o nombre de jurisdicción como elemento de entrada | Instituto Superior de Formación Docente Salomé Ureña |
| Subdivisión de forma | Tesis |
| Fuente del encabezamiento o término | armarc |
| 9 (RLIN) | 24870 |
| 650 17 - PUNTO DE ACCESO ADICIONAL DE MATERIA--TÉRMINO DE MATERIA | |
| Término de materia o nombre geográfico como elemento de entrada | Educación secundaria |
| Fuente del encabezamiento o término | armarc |
| Subdivisión geográfica | República Dominicana |
| 9 (RLIN) | 3888 |
| 650 17 - PUNTO DE ACCESO ADICIONAL DE MATERIA--TÉRMINO DE MATERIA | |
| Término de materia o nombre geográfico como elemento de entrada | Matemáticas |
| Subdivisión general | Enseñanza |
| Fuente del encabezamiento o término | armarc |
| 9 (RLIN) | 25999 |
| 650 14 - PUNTO DE ACCESO ADICIONAL DE MATERIA--TÉRMINO DE MATERIA | |
| Término de materia o nombre geográfico como elemento de entrada | Análisis matemático |
| 9 (RLIN) | 1135 |
| 650 14 - PUNTO DE ACCESO ADICIONAL DE MATERIA--TÉRMINO DE MATERIA | |
| Término de materia o nombre geográfico como elemento de entrada | Cálculo |
| 9 (RLIN) | 1910 |
| 650 14 - PUNTO DE ACCESO ADICIONAL DE MATERIA--TÉRMINO DE MATERIA | |
| Término de materia o nombre geográfico como elemento de entrada | Integracion numérica |
| 9 (RLIN) | 6017 |
| 700 1# - PUNTO DE ACCESO ADICIONAL--NOMBRE DE PERSONA | |
| Nombre de persona | Arzolay Abreu, Wilmer Lucidio |
| Término indicativo de función/relación | asesor |
| 9 (RLIN) | 31315 |
| 856 ## - LOCALIZACIÓN Y ACCESO ELECTRÓNICOS | |
| Identificador Uniforme del Recurso | https://biblioteca.isfodosu.edu.do/cgi-bin/koha/opac-retrieve-file.pl?id=1eba07241fdbfcf5fc96f94e7b2ac60b |
| Texto de enlace | Clic para ver Texto Completo |
| 942 ## - ELEMENTOS DE PUNTO DE ACCESO ADICIONAL (KOHA) | |
| Fuente del sistema de clasificación o colocación | |
| Tipo de ítem Koha | |
| Estado de retiro | Estado de pérdida | Fuente del sistema de clasificación o colocación | Estado dañado | No para préstamo | Localización permanente | Ubicación/localización actual | Fecha de adquisición | Total de préstamos | Fecha visto por última vez | Precio válido a partir de | Tipo de ítem Koha |
|---|---|---|---|---|---|---|---|---|---|---|---|
| Clasificación Decimal Dewey | Repositorio INERED | Repositorio INERED | 03/04/2025 | 03/04/2025 | 03/04/2025 | Tesis digital |